[Event "FRA-ch U12"]
[Site "Le Grand Bornand"]
[Date "2007.04.??"]
[Round "2"]
[White "Bourget, Hugo"]
[Black "Purenne, Benoit"]
[Result "0-1"]
[WhiteElo "1520"]
[BlackElo "1790"]
[PlyCount "28"]
[EventDate "2007.04.07"]
[EventType "swiss"]
[EventRounds "9"]
[EventCountry "FRA"]
[SourceTitle "CBM 118 Extra"]
[Source "ChessBase"]
[SourceDate "2007.07.04"]
[SourceVersion "1"]
[SourceVersionDate "2007.07.04"]
[SourceQuality "1"]

1. e4 c5 2. Nc3 Nc6 3. Nf3 e6 4. Bc4 a6 5. d3 b5 6. Bb3 Nge7 7. Be3 Ng6 8. a4 b4 9. Ne2 Be7 10. d4 Qb6 11. h3 0-0 12. 0-0 Bb7 13. a5 Nxa5 14. Ba2 Qd6 0-1